Vplyv pandémie COVID-19 na výrobný podnik bakalárska práca

Enregistré dans:
Détails bibliographiques
Auteur principal: Valachová, Laura
Collectivité auteur: Fakulta podnikového manažmentu EU. Katedra manažmentu
Autres auteurs: Novysedlák, Martin, 1991-
Format: Livre
Langue:slovaque
Publié: Bratislava 2023
Tags: Ajouter un tag
Pas de tags, Soyez le premier à ajouter un tag!

MARC

LEADER 00000nbm a2200000 4500
001 0293669
005 20240507105656.9
041 0 |a slo 
044 |a SK 
245 1 0 |a Vplyv pandémie COVID-19 na výrobný podnik  |b bakalárska práca  |c Laura Valachová ; školiteľ: Martin Novysedlák 
264 1 |a Bratislava  |c 2023 
300 |a 51 s. 
100 1 |a Valachová, Laura 
700 1 |a Novysedlák, Martin, 1991- 
710 2 |a Fakulta podnikového manažmentu EU. Katedra manažmentu